LEADER 02833nam 22006735 450 001 9910437649903321 005 20231110221116.0 010 $a3-11-064554-8 010 $a3-11-064168-2 024 7 $a10.1515/9783110645545 035 $a(CKB)4100000008516599 035 $a(DE-B1597)512697 035 $a(OCoLC)1110709357 035 $a(DE-B1597)9783110645545 035 $a(MiAaPQ)EBC6227324 035 $a(Au-PeEL)EBL6227324 035 $a(OCoLC)1159171596 035 $a(oapen)https://directory.doabooks.org/handle/20.500.12854/49948 035 $a(oapen)doab49948 035 $a(oapen)doab94155 035 $a(EXLCZ)994100000008516599 100 $a20200406h20192019 fg 101 0 $ager 135 $aur||||||||||| 181 $ctxt$2rdacontent 182 $cc$2rdamedia 183 $acr$2rdacarrier 200 10$aImaginationen /$fUte Wardenga, Maren Möhring, Gabriele Pisarz-Ramirez 205 $a1st ed. 210 $cDe Gruyter$d2019 210 1$aMünchen ;$aWien : $cDe Gruyter Oldenbourg, $d[2019] 210 4$d©2019 215 $a1 online resource (VI, 46 p.) 225 0 $aDialektik des Globalen. Kernbegriffe ;$v5 311 08$a3-11-064137-2 327 $tFrontmatter -- $tInhalt -- $t1. Einleitung -- $t2. Die Rolle von Imaginationen im SFB 1199 -- $t3. Disziplinäre Perspektiven auf Raumimaginationen -- $t4. Beispielanalysen -- $t5. Schluss 330 $aDie noch in der Frühen Neuzeit als gefährlich angesehene "Einbildungskraft" erfuhr im 18. Jahrhundert eine radikale Aufwertung. In der Moderne wurde Imagination zu einem essentiellen Moment von Prozessen der Planung, des Entwerfens und Organisierens der Welt. Die Fähigkeit, Dinge in Zeit und Raum kreativ miteinander in Beziehung zu setzen, wird seitdem als unerlässliche Kraft der Geschichte betrachtet. Dieser Band konzentriert sich auf die Rolle von Imaginationen in Verräumlichungsprozessen. 410 0$aDialektik des Globalen. Kernbegriffe 606 $aRaumordnungen 606 $aVerräumlichungsprozesse 606 $aVorstellungsvermögen 606 $aHISTORY / Modern / General$2bisacsh 610 $aSpatial organization. 610 $apower of imagination. 610 $aspatialization processes. 615 4$aRaumordnungen. 615 4$aVerräumlichungsprozesse. 615 4$aVorstellungsvermögen. 615 7$aHISTORY / Modern / General. 676 $a900 700 $aMöhring$b Maren, $4aut$4http://id.loc.gov/vocabulary/relators/aut$0910172 702 $aPisarz-Ramirez$b Gabriele, $4aut$4http://id.loc.gov/vocabulary/relators/aut 702 $aWardenga$b Ute, $4aut$4http://id.loc.gov/vocabulary/relators/aut 801 0$bDE-B1597 801 1$bDE-B1597 906 $aBOOK 912 $a9910437649903321 996 $aImaginationen$92037153 997 $aUNINA